[Event "Ruy Lopez Exchange for everyone"]
[Site "SchemingMind.com"]
[Date "2009.06.12"]
[Round "-"]
[White "Aumonde"]
[Black "andu"]
[Result "1-0"]
[WhiteCountry "USA"]
[BlackCountry "AUT"]
[WhiteElo "2090"]
[WhiteRD "72"]
[BlackElo "1669"]
[BlackRD "64"]
[GameID "208402"]

1. e4 e5 2. Nf3 Nc6 3. Bb5 a6 4. Bxc6 dxc6 5. d3 Bd6 6. Nbd2 Nf6 7. h3 O-O 8. b3 Re8 9. Nc4 Bb4+ 10. Bd2 Bxd2+
11. Qxd2 b5 12. Ncxe5 Bb7 13. Qc3 Qd6 14. b4 h6 15. O-O Nd7 16. Nxd7 Qxd7 17. Nd4 Re7 18. Nf5 Qxf5 19. exf5 f6 20. Rae1 Rae8
21. Rxe7 Rxe7 22. Re1 Rxe1+ 23. Qxe1 Kf7 24. Qe6+ Kf8 25. Qd7 c5 26. Qxc7 Bd5 27. Qxc5+ Kf7 28. Qxd5+ Kf8 29. Qd6+ Kf7 30. Qxa6 g6
31. Qb7+ Kg8 32. Qe7 Kh8 33. d4 g5 34. d5 h5 35. d6 g4 36. d7 gxh3 37. d8=Q#
1-0

[Event "Ruy Lopez Exchange for everyone"]
[Site "SchemingMind.com"]
[Date "2009.06.12"]
[Round "-"]
[White "andu"]
[Black "Aumonde"]
[Result "0-1"]
[WhiteCountry "AUT"]
[BlackCountry "USA"]
[WhiteElo "1669"]
[WhiteRD "64"]
[BlackElo "2090"]
[BlackRD "72"]
[GameID "208403"]

1. e4 e5 2. Nf3 Nc6 3. Bb5 a6 4. Bxc6 dxc6 5. Nxe5 Qd4 6. Nd3 Qxe4+ 7. Qe2 Qxe2+ 8. Kxe2 Bf5 9. Re1 O-O-O 10. Kf1 Bxd3+
11. cxd3 Nf6 12. g3 Rxd3 13. Re3 Rd7 14. Nc3 Bc5 15. Re5 Bxf2 16. Ne4 Nxe4 17. Rxe4 Bd4 18. d3 Rhd8 19. Ke2 Bb6 20. Be3 Rxd3
21. Bxb6 cxb6 22. Rf1 Rd2+ 23. Kf3 Rxb2 24. Re7 Rd7 25. Re8+ Kc7 26. Re3 Rxa2 27. h4 Kb8 28. Rfe1 Kc7 29. Re7 Rd2 30. R7e5 Kd6
31. Kf4 b5 32. Rg5 g6 33. Ke3 Kc7 34. Re5 a5 35. Re2 R2d3+ 36. Kf4 h6 37. g4 f6 38. Re6 R7d4+ 39. R2e4 Rd6 40. h5 gxh5
41. gxh5 R3d5 42. Re7+ Kb6 43. Kg4 Rg5+ 44. Kh4 Rdd5 45. Rh7 Rd1 46. Re3 Rd4+ 47. Kh3 Rxh5+ 48. Kg3 Rdh4 49. Kf3 a4 50. Re4 Rxe4
51. Kxe4 b4 52. Kf4 f5
0-1

[Event "Ruy Lopez Exchange for everyone"]
[Site "SchemingMind.com"]
[Date "2009.06.17"]
[Round "-"]
[White "Philip"]
[Black "Aumonde"]
[Result "0-1"]
[WhiteCountry "INT"]
[BlackCountry "USA"]
[WhiteElo "1466"]
[WhiteRD "83"]
[BlackElo "2090"]
[BlackRD "72"]
[GameID "208602"]

1. e4 e5 2. Nf3 Nc6 3. Bb5 a6 4. Bxc6 dxc6 5. O-O f6 6. d3 Ne7 7. Be3 Ng6 8. Nfd2 Be7 9. f4 exf4 10. Bxf4 Qd4+
11. Kh1 Qxb2 12. Nb3 Nxf4 13. Rxf4 Be6 14. N1d2 O-O-O 15. d4 Bb4 16. Nf3 Bd6 17. Rxf6 gxf6 18. a4 Bxb3 19. cxb3 Rhg8 20. Nh4 Rde8
0-1

[Event "Ruy Lopez Exchange for everyone"]
[Site "SchemingMind.com"]
[Date "2009.06.17"]
[Round "-"]
[White "Philip"]
[Black "andu"]
[Result "0-1"]
[WhiteCountry "INT"]
[BlackCountry "AUT"]
[WhiteElo "1466"]
[WhiteRD "83"]
[BlackElo "1669"]
[BlackRD "64"]
[GameID "208603"]

1. e4 e5 2. Nf3 Nc6 3. Bb5 a6 4. Bxc6 dxc6 5. d3 Bg4 6. O-O Bc5 7. c3 Nf6 8. Bg5 h6 9. Bh4 g5 10. Bg3 Bd6
11. Nbd2 Nh5 12. Nc4 Qd7 13. Bxe5 Bxe5 14. Ncxe5 Qe6 15. Nxg4 Qxg4 16. h3 Qe6 17. Nd4 Qg6 18. Nf5 Nf4 19. d4 h5 20. Qb3 b6
21. Ng3 h4 22. Nh1 g4 23. g3 Ne2+ 24. Kh2 hxg3+ 25. Nxg3 Rxh3+ 26. Kg2 Nxg3 27. fxg3 Qxe4+ 28. Kg1 Rh1+ 29. Kf2 Qf3+ 30. Ke1 Rxf1+
31. Kd2 Rf2+ 32. Kc1 Qe3+
0-1

[Event "Ruy Lopez Exchange for everyone"]
[Site "SchemingMind.com"]
[Date "2009.06.13"]
[Round "-"]
[White "Aumonde"]
[Black "Philip"]
[Result "1-0"]
[WhiteCountry "USA"]
[BlackCountry "INT"]
[WhiteElo "2090"]
[WhiteRD "72"]
[BlackElo "1466"]
[BlackRD "83"]
[GameID "208604"]

1. e4 e5 2. Nf3 Nc6 3. Bb5 a6 4. Bxc6 dxc6 5. d4 exd4 6. O-O c5 7. c3 d3 8. Re1 c4 9. Nbd2 b5 10. a4 c6
11. b3 Be6 12. Nd4 Bd7 13. e5 c5 14. N4f3 cxb3 15. Nxb3 bxa4 16. Nbd2 Bc6 17. Nc4
1-0

[Event "Ruy Lopez Exchange for everyone"]
[Site "SchemingMind.com"]
[Date "2009.06.14"]
[Round "-"]
[White "andu"]
[Black "Philip"]
[Result "1-0"]
[WhiteCountry "AUT"]
[BlackCountry "INT"]
[WhiteElo "1669"]
[WhiteRD "64"]
[BlackElo "1466"]
[BlackRD "83"]
[GameID "208605"]

1. e4 e5 2. Nf3 Nc6 3. Bb5 a6 4. Bxc6 dxc6 5. d3 h6 6. Nxe5 Be6 7. O-O Be7 8. Nc3 Nf6 9. f4 Bc5+ 10. Kh1 Nd7
11. f5 Nxe5 12. fxe6 fxe6 13. Qh5+
1-0

[Event "Ruy Lopez Exchange for everyone"]
[Site "SchemingMind.com"]
[Date "2009.06.18"]
[Round "-"]
[White "Heidi"]
[Black "Philip"]
[Result "0-1"]
[WhiteCountry "USA"]
[BlackCountry "INT"]
[WhiteElo "979"]
[WhiteRD "69"]
[BlackElo "1466"]
[BlackRD "83"]
[GameID "208607"]

1. e4 e5 2. Nf3 Nc6 3. Bb5 a6 4. Bxc6 dxc6 5. d4 exd4 6. Nxd4 Bd6 7. O-O Ne7 8. Bg5 f6 9. Bh4 Ng6 10. Bg3 O-O
11. c4 Ne5 12. Nd2 Nd3 13. Qe2 Bxg3 14. fxg3 Qxd4+ 15. Qf2 Nxf2 16. h3 Nxe4+ 17. Kh2 Nxd2 18. Rfe1 Qxb2 19. Rad1 Nxc4 20. g4 Ne5
21. Kh1 Bxg4 22. hxg4 Nxg4 23. Re4 Nf2+
0-1

[Event "Ruy Lopez Exchange for everyone"]
[Site "SchemingMind.com"]
[Date "2009.06.13"]
[Round "-"]
[White "Heidi"]
[Black "Aumonde"]
[Result "0-1"]
[WhiteCountry "USA"]
[BlackCountry "USA"]
[WhiteElo "979"]
[WhiteRD "69"]
[BlackElo "2090"]
[BlackRD "72"]
[GameID "208608"]

1. e4 e5 2. Nf3 Nc6 3. Bb5 a6 4. Bxc6 bxc6 5. Nxe5 Qg5 6. Ng4 d5 7. h3 h5 8. Ne3 d4 9. Nc4 Qxg2 10. Rf1 Bxh3
11. d3 Qxf1+ 12. Kd2 Qxf2+ 13. Qe2 Qg1 14. b3 c5 15. Nba3 Bg4 16. Qe1 Qh2+
0-1

[Event "Ruy Lopez Exchange for everyone"]
[Site "SchemingMind.com"]
[Date "2009.06.14"]
[Round "-"]
[White "Heidi"]
[Black "andu"]
[Result "0-1"]
[WhiteCountry "USA"]
[BlackCountry "AUT"]
[WhiteElo "979"]
[WhiteRD "69"]
[BlackElo "1669"]
[BlackRD "64"]
[GameID "208609"]

1. e4 e5 2. Nf3 Nc6 3. Bb5 a6 4. Bxc6 dxc6 5. O-O Bg4 6. d3 h6 7. c4 Bc5 8. b3 Nf6 9. Qd2 O-O 10. Nc3 Re8
11. Ne2 Qd6 12. d4 exd4 13. Nfxd4 Nxe4 14. Qd3 Rad8 15. Nf4 Bxd4 16. Rb1 b5 17. h3 Bf5 18. Be3 Ng3 19. Qd1 Nxf1 20. Qxf1 Bxe3
21. Nh5 Bxb1 22. fxe3 Bd3 23. Qf5 Bxf5 24. cxb5 Rxe3 25. bxa6 Re1+ 26. Kf2 Qd2+ 27. Kg3 Rd3+ 28. Kh4 g5#
0-1

[Event "Ruy Lopez Exchange for everyone"]
[Site "SchemingMind.com"]
[Date "2009.06.17"]
[Round "-"]
[White "Philip"]
[Black "Heidi"]
[Result "1-0"]
[WhiteCountry "INT"]
[BlackCountry "USA"]
[WhiteElo "1466"]
[WhiteRD "83"]
[BlackElo "979"]
[BlackRD "69"]
[GameID "208610"]

1. e4 e5 2. Nf3 Nc6 3. Bb5 a6 4. Bxc6 bxc6 5. O-O d6 6. d4 exd4 7. Qxd4 c5 8. Qd3 Nf6 9. e5 Ng4 10. exd6 cxd6
11. Qe4+ Be7 12. Qxa8 O-O 13. Qe4 Bh4 14. Nxh4 Qxh4 15. Bf4 Qxh2+ 16. Bxh2 Ne5 17. Bxe5 Re8 18. Qc6 Rxe5 19. Qxc8+
1-0

[Event "Ruy Lopez Exchange for everyone"]
[Site "SchemingMind.com"]
[Date "2009.06.13"]
[Round "-"]
[White "Aumonde"]
[Black "Heidi"]
[Result "1-0"]
[WhiteCountry "USA"]
[BlackCountry "USA"]
[WhiteElo "2090"]
[WhiteRD "72"]
[BlackElo "979"]
[BlackRD "69"]
[GameID "208611"]

1. e4 e5 2. Nf3 Nc6 3. Bb5 a6 4. Bxc6 bxc6 5. O-O Bc5 6. Nxe5 Nf6 7. d4 Bb4 8. Bg5 O-O 9. a3 Ba5 10. b4 Bb6
11. c3 Nxe4 12. Bxd8 Rxd8 13. Qf3 d5 14. Qxf7+ Kh8 15. Qf3 Be6 16. Qe3 c5 17. bxc5 Ba5 18. f3 Ng5 19. Qxg5 h6 20. Qg6 Kg8
21. Qxe6+ Kh7 22. Qg6+ Kg8 23. Nc6 Re8 24. Nxa5 Re2 25. Nb3 a5 26. a4 Rb8 27. N1d2 Rxb3 28. Nxb3
1-0

[Event "Ruy Lopez Exchange for everyone"]
[Site "SchemingMind.com"]
[Date "2009.06.14"]
[Round "-"]
[White "andu"]
[Black "Heidi"]
[Result "1-0"]
[WhiteCountry "AUT"]
[BlackCountry "USA"]
[WhiteElo "1669"]
[WhiteRD "64"]
[BlackElo "979"]
[BlackRD "69"]
[GameID "208612"]

1. e4 e5 2. Nf3 Nc6 3. Bb5 a6 4. Bxc6 bxc6 5. Nxe5 a5 6. O-O Ba6 7. d3 Bc5 8. Qf3 f6 9. Nc4 Ne7 10. Qh5+ Ng6
11. Qxc5 d6 12. Qxc6+ Kf7 13. Nc3 Ne7 14. Qa4 Rb8 15. Qxa5 Re8 16. Qh5+ Ng6 17. f4 f5 18. Qxf5+ Kg8 19. Na5 Ne7 20. Qe6+ Kh8
21. Nc6 Qc8 22. Nxb8 Qxb8 23. Nd5 h6 24. Nxe7 Kh7 25. Qg6+ Kh8 26. Nf5 Re7 27. Nxe7 Qf8 28. f5 Qxe7 29. Bxh6 Kg8 30. f6 Qe8
31. Qxg7#
1-0

[Event "Ruy Lopez Exchange for everyone"]
[Site "SchemingMind.com"]
[Date "2009.06.17"]
[Round "-"]
[White "slaysson"]
[Black "Philip"]
[Result "1-0"]
[WhiteCountry "POL"]
[BlackCountry "INT"]
[WhiteElo "1398"]
[WhiteRD "182"]
[BlackElo "1466"]
[BlackRD "83"]
[GameID "208749"]

1. e4 e5 2. Nf3 Nc6 3. Bb5 a6 4. Bxc6 dxc6 5. O-O Bg4 6. h3 Bh5 7. g4 Bg6 8. Nxe5 Bxe4 9. Re1 Bxc2 10. Qxc2 Qe7
11. Nf3 Qxe1+ 12. Nxe1 O-O-O 13. Qf5+ Rd7 14. b3 Nf6 15. Bb2 Nd5 16. Nd3 g6 17. Qf3 Rg8 18. Nc3 Nxc3 19. Bxc3 Bd6 20. Re1 f5
21. Nb4 fxg4 22. hxg4 Rf8 23. Qg2 Rdf7 24. Re2 Bc5 25. Nd3 Bxf2+ 26. Rxf2 Rxf2 27. Nxf2
1-0

[Event "Ruy Lopez Exchange for everyone"]
[Site "SchemingMind.com"]
[Date "2009.06.15"]
[Round "-"]
[White "slaysson"]
[Black "Aumonde"]
[Result "0-1"]
[WhiteCountry "POL"]
[BlackCountry "USA"]
[WhiteElo "1391"]
[WhiteRD "181"]
[BlackElo "2110"]
[BlackRD "70"]
[GameID "208750"]

1. e4 e5 2. Nf3 Nc6 3. Bb5 a6 4. Bxc6 dxc6 5. O-O Qd6 6. d4 exd4 7. Nxd4 Qg6 8. Nc3 Bd6 9. Qd3 Ne7 10. Nde2 Bg4
11. Ng3 Rd8 12. Qe3 O-O 13. Qg5 f6 14. Qxg6 Nxg6 15. f3 Bc5+ 16. Kh1 Be6
0-1

[Event "Ruy Lopez Exchange for everyone"]
[Site "SchemingMind.com"]
[Date "2009.06.15"]
[Round "-"]
[White "slaysson"]
[Black "Heidi"]
[Result "1-0"]
[WhiteCountry "POL"]
[BlackCountry "USA"]
[WhiteElo "1398"]
[WhiteRD "182"]
[BlackElo "979"]
[BlackRD "69"]
[GameID "208751"]

1. e4 e5 2. Nf3 Nc6 3. Bb5 a6 4. Bxc6 dxc6 5. O-O Nf6 6. Nxe5 Qd7 7. Nxd7 Bxd7 8. Nc3 Bc5 9. e5 Ng4 10. d4 O-O
11. dxc5 Nxe5 12. Bf4 Nc4 13. Qxd7 Rac8 14. Qg4 Rcd8 15. Bh6 Rfe8 16. Qxg7#
1-0

[Event "Ruy Lopez Exchange for everyone"]
[Site "SchemingMind.com"]
[Date "2009.06.15"]
[Round "-"]
[White "slaysson"]
[Black "andu"]
[Result "0-1"]
[WhiteCountry "POL"]
[BlackCountry "AUT"]
[WhiteElo "1398"]
[WhiteRD "182"]
[BlackElo "1669"]
[BlackRD "64"]
[GameID "208752"]

1. e4 e5 2. Nf3 Nc6 3. Bb5 a6 4. Bxc6 dxc6 5. O-O f6 6. d4 Bb4 7. dxe5 Qxd1 8. Rxd1 Bg4 9. exf6 Nxf6 10. a3 Bc5
11. Nbd2 O-O 12. Re1 Rfe8 13. b4 Bb6 14. e5 Bxf3 15. Nxf3 Ng4 16. Bb2 Bxf2+ 17. Kf1 Bxe1 18. Rxe1 a5 19. h3 Nh6 20. c3 Nf7
21. Kf2 Nd8 22. Bc1 Ne6 23. Ng5 Nxg5 24. Bxg5 axb4 25. axb4 Ra2+ 26. Kf3 h6 27. Bh4 Rf8+ 28. Kg3 g5
0-1

[Event "Ruy Lopez Exchange for everyone"]
[Site "SchemingMind.com"]
[Date "2009.06.17"]
[Round "-"]
[White "Philip"]
[Black "slaysson"]
[Result "1-0"]
[WhiteCountry "INT"]
[BlackCountry "POL"]
[WhiteElo "1582"]
[WhiteRD "82"]
[BlackElo "1317"]
[BlackRD "152"]
[GameID "208753"]

1. e4 e5 2. Nf3 Nc6 3. Bb5 a6 4. Bxc6 bxc6 5. Nxe5 Qg5 6. Ng4 Bc5 7. d4 Qg6 8. dxc5 Qxe4+ 9. Ne3 Qb4+ 10. c3 Qxc5
11. O-O Nf6 12. Nd2 O-O 13. Nf3 d5 14. Nc2 a5 15. Be3 Qd6 16. Nfd4 Rb8 17. b3 Bg4 18. f3 Bh5 19. Nf5 Qd7 20. Ng3 Bg6
21. Bc5 Rfe8 22. Nd4 h6 23. Nge2 Ra8= 24. Nf4 Bh7 25. b4 Reb8 26. Qa4 axb4 27. Qxc6 bxc3 28. Qxd7 Nxd7 29. Nc6 Nxc5 30. Nxb8 Rxb8
31. Nxd5 c2 32. Ne7+ Kf8 33. Nd5 Rb1 34. Nxc7
1-0

[Event "Ruy Lopez Exchange for everyone"]
[Site "SchemingMind.com"]
[Date "2009.06.15"]
[Round "-"]
[White "Aumonde"]
[Black "slaysson"]
[Result "1-0"]
[WhiteCountry "USA"]
[BlackCountry "POL"]
[WhiteElo "2110"]
[WhiteRD "70"]
[BlackElo "1391"]
[BlackRD "181"]
[GameID "208754"]

1. e4 e5 2. Nf3 Nc6 3. Bb5 a6 4. Bxc6 dxc6 5. d3 f6 6. Be3 Bd6 7. O-O Ne7 8. c4 c5 9. Nc3 O-O 10. Qb3 Nc6
11. Rae1 Nd4 12. Bxd4 exd4 13. Ne2 b6 14. Nexd4 cxd4 15. c5+ Kh8 16. cxd6 Qxd6 17. e5 fxe5 18. Nxe5
1-0

[Event "Ruy Lopez Exchange for everyone"]
[Site "SchemingMind.com"]
[Date "2009.06.15"]
[Round "-"]
[White "Heidi"]
[Black "slaysson"]
[Result "0-1"]
[WhiteCountry "USA"]
[BlackCountry "POL"]
[WhiteElo "979"]
[WhiteRD "69"]
[BlackElo "1398"]
[BlackRD "182"]
[GameID "208755"]

1. e4 e5 2. Nf3 Nc6 3. Bb5 a6 4. Bxc6 bxc6 5. Nxe5 Qg5 6. Ng4 d5 7. exd5 Bxg4 8. f3 Bd7 9. O-O Bh3 10. Qe2+ Be7
11. c4 Nf6 12. g3 Bxf1 13. Qxf1 cxd5 14. f4 Qh5 15. h3 Bc5+ 16. Kg2 O-O 17. Nc3 Rfe8 18. cxd5 Nxd5 19. Nxd5 Re2+ 20. Kh1 Qxd5+
0-1

[Event "Ruy Lopez Exchange for everyone"]
[Site "SchemingMind.com"]
[Date "2009.06.15"]
[Round "-"]
[White "andu"]
[Black "slaysson"]
[Result "1-0"]
[WhiteCountry "AUT"]
[BlackCountry "POL"]
[WhiteElo "1669"]
[WhiteRD "64"]
[BlackElo "1398"]
[BlackRD "182"]
[GameID "208756"]

1. e4 e5 2. Nf3 Nc6 3. Bb5 a6 4. Bxc6 dxc6 5. O-O f6 6. d3 Bd6 7. Nc3 Ne7 8. Be3 O-O 9. d4 exd4 10. Nxd4 Be5
11. f4 Bxd4 12. Bxd4 b6 13. f5 c5 14. Be3 Bb7 15. Qg4 Kh8 16. Rf3 Rg8 17. Rd1 Qf8 18. Rd7 Rc8 19. Rh3 g6 20. Rxh7+ Kxh7
21. Qh4+ Kg7 22. Bh6+
1-0

[Event "Ruy Lopez Exchange for everyone"]
[Site "SchemingMind.com"]
[Date "2009.06.17"]
[Round "-"]
[White "zmudziu"]
[Black "Philip"]
[Result "0-1"]
[WhiteCountry "POL"]
[BlackCountry "INT"]
[WhiteElo "1743"]
[WhiteRD "99"]
[BlackElo "1549"]
[BlackRD "81"]
[GameID "208765"]

1. e4 e5 2. Nf3 Nc6 3. Bb5 a6 4. Bxc6 dxc6 5. O-O Bd6 6. Nc3 Ne7 7. h3 f5 8. d3 f4 9. d4 exd4 10. Nxd4 O-O
11. Re1 Ng6 12. Nf3 Be6 13. Bd2 Ne5 14. Nxe5 Bxe5 15. Qc1 Bxh3 16. gxh3 Qg5+ 17. Kf1 Qh4 18. f3 Qxh3+ 19. Kf2 Qh2+ 20. Kf1 Bd4
21. Be3 fxe3 22. Rxe3 Bxe3 23. Qxe3 Qh1+ 24. Qg1 Qxf3+ 25. Ke1 Rad8 26. a4 Qh3 27. Ne2 Qh4+ 28. Qg3 Qxe4 29. Ra3 Qxc2 30. Rf3 Rfe8
31. Qg2 Rd1+
0-1

[Event "Ruy Lopez Exchange for everyone"]
[Site "SchemingMind.com"]
[Date "2009.06.15"]
[Round "-"]
[White "zmudziu"]
[Black "Aumonde"]
[Result "0-1"]
[WhiteCountry "POL"]
[BlackCountry "USA"]
[WhiteElo "1764"]
[WhiteRD "102"]
[BlackElo "2090"]
[BlackRD "72"]
[GameID "208766"]

1. e4 e5 2. Nf3 Nc6 3. Bb5 a6 4. Bxc6 dxc6 5. O-O Qd6 6. d4 exd4 7. Qxd4 Qxd4 8. Nxd4 Nf6 9. Nc3 Bb4 10. Nde2 Bg4
11. f3 Be6 12. Bg5 Bc5+ 13. Kh1 O-O-O 14. e5 h6 15. Bh4 g5 16. Bxg5 hxg5 17. exf6 Bf5 18. Ne4 Bxe4 19. fxe4 Rd2 20. Nc3 g4
21. Rae1 g3 22. h3 Rxh3+
0-1

[Event "Ruy Lopez Exchange for everyone"]
[Site "SchemingMind.com"]
[Date "2009.06.15"]
[Round "-"]
[White "zmudziu"]
[Black "Heidi"]
[Result "1-0"]
[WhiteCountry "POL"]
[BlackCountry "USA"]
[WhiteElo "1764"]
[WhiteRD "102"]
[BlackElo "979"]
[BlackRD "69"]
[GameID "208767"]

1. e4 e5 2. Nf3 Nc6 3. Bb5 a6 4. Bxc6 dxc6 5. O-O Bc5 6. Nxe5 Qe7 7. Nf3 Nf6 8. e5 Nd7 9. d4 Bxd4 10. Nxd4 Nxe5
11. Re1 O-O 12. f4 c5 13. Rxe5 Qd6 14. Be3 f6 15. Re4 Qd5 16. Nc3 cxd4 17. Nxd5 Bf5 18. Ne7+ Kf7 19. Nxf5 Kg6 20. Qg4+ Kf7
21. Re7+ Kg8 22. Qxg7#
1-0

[Event "Ruy Lopez Exchange for everyone"]
[Site "SchemingMind.com"]
[Date "2009.06.15"]
[Round "-"]
[White "zmudziu"]
[Black "andu"]
[Result "0-1"]
[WhiteCountry "POL"]
[BlackCountry "AUT"]
[WhiteElo "1764"]
[WhiteRD "102"]
[BlackElo "1669"]
[BlackRD "64"]
[GameID "208768"]

1. e4 e5 2. Nf3 Nc6 3. Bb5 a6 4. Bxc6 dxc6 5. O-O f6 6. d3 Bd6 7. Be3 Be6 8. Nbd2 Ne7 9. c3 O-O 10. Nb3 b6
11. d4 Qe8 12. dxe5 fxe5 13. Bg5 Bc4 14. Re1 h6 15. Bh4 Ng6 16. Bg3 Nf4 17. Nbd2 Be6 18. Qc2 Kh7 19. Nh4 Qh5 20. Nhf3 Nxg2
21. Kxg2 Rxf3 22. Nxf3 Bh3+ 23. Kh1 Qxf3+
0-1

[Event "Ruy Lopez Exchange for everyone"]
[Site "SchemingMind.com"]
[Date "2009.06.15"]
[Round "-"]
[White "zmudziu"]
[Black "slaysson"]
[Result "1-0"]
[WhiteCountry "POL"]
[BlackCountry "POL"]
[WhiteElo "1708"]
[WhiteRD "95"]
[BlackElo "1317"]
[BlackRD "152"]
[GameID "208769"]

1. e4 e5 2. Nf3 Nc6 3. Bb5 a6 4. Bxc6 dxc6 5. O-O f6 6. b3 Bd6 7. Bb2 Ne7 8. d4 exd4 9. Nxd4 Be5 10. f4 Bxd4+
11. Qxd4 Qxd4+ 12. Bxd4 O-O 13. Nd2 b6 14. e5 Nf5 15. Bf2 fxe5 16. fxe5 g6 17. Rae1 Be6 18. Nf3 Bd5 19. Nd4 Nxd4 20. Bxd4 Rxf1+
21. Rxf1 Rf8 22. Re1 Be6 23. Be3 Rf5 24. Bf2 Kf7 25. Bg3 b5 26. Bf2 Ke7 27. g4 Rf3 28. Bc5+ Kd7 29. Rd1+ Ke8 30. Kg2
1-0

[Event "Ruy Lopez Exchange for everyone"]
[Site "SchemingMind.com"]
[Date "2009.06.17"]
[Round "-"]
[White "Philip"]
[Black "zmudziu"]
[Result "0-1"]
[WhiteCountry "INT"]
[BlackCountry "POL"]
[WhiteElo "1466"]
[WhiteRD "83"]
[BlackElo "1764"]
[BlackRD "102"]
[GameID "208770"]

1. e4 e5 2. Nf3 Nc6 3. Bb5 a6 4. Bxc6 dxc6 5. d3 Bg4 6. O-O Nf6 7. Be3 Bd6 8. Nbd2 O-O 9. c4 Nd7 10. Qb3 b5
11. c5 Bxc5 12. Nxe5 Bxe3 13. Nxc6 Qf6 14. fxe3 Qxc6 15. Nf3 Rad8 16. Nd4 Qh6 17. Rac1 Qxe3+ 18. Kh1 Qxd4 19. Rxc7 Be6 20. Qxe6 fxe6
21. Rxf8+ Rxf8
0-1

[Event "Ruy Lopez Exchange for everyone"]
[Site "SchemingMind.com"]
[Date "2009.06.15"]
[Round "-"]
[White "Aumonde"]
[Black "zmudziu"]
[Result "1-0"]
[WhiteCountry "USA"]
[BlackCountry "POL"]
[WhiteElo "2090"]
[WhiteRD "72"]
[BlackElo "1764"]
[BlackRD "102"]
[GameID "208771"]

1. e4 e5 2. Nf3 Nc6 3. Bb5 a6 4. Bxc6 dxc6 5. Nc3 Bd6 6. d4 exd4 7. Qxd4 Nf6 8. Bg5 Be7 9. Qxd8+ Bxd8 10. e5 Nd5
11. Bxd8 Kxd8 12. O-O-O Be6 13. Ne4 Ke7 14. Nd4 Rad8 15. Nc5 Rb8 16. c4 Nb6 17. Nxb7 Rxb7 18. Nxc6+
1-0

[Event "Ruy Lopez Exchange for everyone"]
[Site "SchemingMind.com"]
[Date "2009.06.15"]
[Round "-"]
[White "Heidi"]
[Black "zmudziu"]
[Result "0-1"]
[WhiteCountry "USA"]
[BlackCountry "POL"]
[WhiteElo "979"]
[WhiteRD "69"]
[BlackElo "1764"]
[BlackRD "102"]
[GameID "208772"]

1. e4 e5 2. Nf3 Nc6 3. Bb5 a6 4. Bxc6 bxc6 5. d3 d6 6. Bg5 Be7 7. Bxe7 Nxe7 8. O-O Bg4 9. c4 Ng6 10. Re1 O-O
11. Nbd2 Nf4 12. h3 Bh5 13. Qc2 Qf6 14. Nb3 Bxf3 15. Kh2 Qh4 16. Rg1 Bg4 17. g3 Qxh3#
0-1

[Event "Ruy Lopez Exchange for everyone"]
[Site "SchemingMind.com"]
[Date "2009.06.15"]
[Round "-"]
[White "andu"]
[Black "zmudziu"]
[Result "1-0"]
[WhiteCountry "AUT"]
[BlackCountry "POL"]
[WhiteElo "1669"]
[WhiteRD "64"]
[BlackElo "1764"]
[BlackRD "102"]
[GameID "208773"]

1. e4 e5 2. Nf3 Nc6 3. Bb5 a6 4. Bxc6 bxc6 5. O-O Qe7 6. Nc3 g6 7. d4 Bg7 8. dxe5 Bxe5 9. Nxe5 Qxe5 10. Be3 Nf6
11. Bd4 Qe7 12. Qf3 Nxe4 13. Qxe4 Qxe4 14. Nxe4 O-O 15. Nf6+ Kg7 16. Nxd7+ Kg8 17. Nxf8 Kxf8 18. Rad1 Be6 19. Bf6 Bxa2 20. Rd7 Rc8
21. Rfd1 Bd5 22. c4 Ke8 23. Re7+ Kf8 24. cxd5 Rd8 25. Rxc7 Re8 26. dxc6 h5 27. Rd8 Rxd8 28. Bxd8 Ke8 29. Bf6
1-0

[Event "Ruy Lopez Exchange for everyone"]
[Site "SchemingMind.com"]
[Date "2009.06.15"]
[Round "-"]
[White "slaysson"]
[Black "zmudziu"]
[Result "0-1"]
[WhiteCountry "POL"]
[BlackCountry "POL"]
[WhiteElo "1317"]
[WhiteRD "152"]
[BlackElo "1708"]
[BlackRD "95"]
[GameID "208774"]

1. e4 e5 2. Nf3 Nc6 3. Bb5 a6 4. Bxc6 dxc6 5. O-O Bd6 6. d4 exd4 7. Nxd4 Be5 8. Nf3 Qxd1 9. Rxd1 Bg4 10. Nbd2 Rd8
11. Re1 Bf4 12. h3 Bh5 13. g4 Bg6 14. Nb3 Bxc1 15. Raxc1 Ne7 16. Nc5 O-O 17. b3 b6 18. Nd3 f6 19. Nh4 Bf7 20. f4 Ng6
21. Nxg6 Bxg6 22. Nb4 Rd6 23. f5 Bf7 24. a4 a5 25. Nd3 Bxb3 26. cxb3 Rxd3 27. Rxc6 Rf7
0-1